[Event "SWE-chT 0607"]
[Site "Sweden"]
[Date "2007.01.20"]
[Round "6"]
[White "Eriksson, Jonas"]
[Black "Kotronias, Vasilios"]
[Result "0-1"]
[WhiteElo "2352"]
[BlackElo "2704"]
[PlyCount "72"]
[EventDate "2006.10.20"]
[EventType "team"]
[EventRounds "11"]
[EventCountry "SWE"]
[SourceTitle "EXT 2009"]
[Source "ChessBase"]
[SourceDate "2008.11.26"]
[SourceVersion "1"]
[SourceVersionDate "2008.11.26"]
[SourceQuality "1"]
[WhiteTeam "Vasteras"]
[BlackTeam "Skara"]
[WhiteTeamCountry "SWE"]
[BlackTeamCountry "SWE"]

1. d4 Nf6 2. c4 g6 3. Nc3 Bg7 4. e4 d6 5. h3 0-0 6. Nf3 e5 7. d5 Na6 8. Bg5 Qe8 9. g4 Kh8 10. Nd2 Ng8 11. Be2 f6 12. Be3 Bh6 13. Bxh6 Nxh6 14. h4 Bd7 15. h5 Kg7 16. Nb3 Nf7 17. Qd2 c5 18. dxc6 Bxc6 19. f3 Nc7 20. Nd5 Nxd5 21. cxd5 Bb5 22. Qb4 Bxe2 23. Kxe2 Rc8 24. hxg6 hxg6 25. Rac1 b6 26. Nd2 Qd7 27. b3 Ng5 28. Nc4 Rc5 29. Qe1 Rfc8 30. Rd1 b5 31. Ne3 Rc3 32. Qh4 Qc7 33. Qh6+ Kf7 34. Ng2 Rc2+ 35. Kf1 Qc5 36. Qh4 Rh8 0-1

[Event "SWE-chT 0506"]
[Site "Sweden"]
[Date "2006.??.??"]
[Round "10"]
[White "Nylen, Anders"]
[Black "Eriksson, Jonas"]
[Result "1/2-1/2"]
[WhiteElo "2285"]
[BlackElo "2367"]
[PlyCount "93"]
[EventDate "2005.10.??"]
[EventType "team"]
[EventRounds "11"]
[EventCountry "SWE"]
[SourceTitle "EXT 2008"]
[Source "ChessBase"]
[SourceDate "2007.11.25"]
[SourceVersion "1"]
[SourceVersionDate "2007.11.25"]
[SourceQuality "1"]
[WhiteTeam "Limhamn"]
[BlackTeam "Sollentuna"]
[WhiteTeamCountry "SWE"]
[BlackTeamCountry "SWE"]

1. d4 d5 2. c4 c6 3. Nf3 Nf6 4. Nc3 a6 5. e3 b5 6. b3 Bg4 7. Be2 e6 8. 0-0 Nbd7 9. Qc2 Bf5 10. Bd3 Bxd3 11. Qxd3 b4 12. Ne2 Bd6 13. Bb2 Qb8 14. a3 a5 15. axb4 Bxb4 16. Ra2 Ne4 17. Rfa1 0-0 18. Ba3 Qb7 19. Ne1 Rfb8 20. Nc2 dxc4 21. bxc4 c5 22. f3 Nef6 23. Nc3 Rd8 24. Na4 Qc6 25. Qe2 Rab8 26. dxc5 Nxc5 27. Bxb4 axb4 28. Nd4 Qc8 29. Nxc5 Qxc5 30. Nb3 Qe5 31. Rc1 Ra8 32. Rxa8 Rxa8 33. e4 g5 34. c5 Nd5 35. Qc4 Nf4 36. c6 Qb2 37. Rc2 Qb1+ 38. Nc1 Rc8 39. c7 Qa1 40. g3 b3 41. Qxb3 Qd4+ 42. Kf1 Qd1+ 43. Kf2 Qd4+ 44. Qe3 Nh3+ 45. Ke2 Ng1+ 46. Kf2 Nh3+ 47. Ke2 1/2-1/2

[Event "Rilton Cup 35th"]
[Site "Stockholm"]
[Date "2005.12.28"]
[Round "2"]
[White "Eriksson, Jonas"]
[Black "Berg, Emanuel"]
[Result "0-1"]
[WhiteElo "2285"]
[BlackElo "2540"]
[PlyCount "88"]
[EventDate "2005.12.27"]
[EventType "swiss"]
[EventRounds "9"]
[EventCountry "SWE"]
[SourceTitle "CBM 110 Extra"]
[Source "ChessBase"]
[SourceDate "2006.03.10"]
[SourceVersion "2"]
[SourceVersionDate "2006.03.10"]
[SourceQuality "1"]

1. d4 e6 2. Nf3 Nf6 3. Bg5 h6 4. Bxf6 Qxf6 5. e4 d6 6. Nbd2 Nd7 7. Bd3 g5 8. h3 h5 9. e5 dxe5 10. Ne4 Qg7 11. Nexg5 exd4 12. Qe2 Bb4+ 13. Kf1 h4 14. Bc4 Rh5 15. Bxe6 Rxg5 16. Bxf7+ Kxf7 17. Qc4+ Ke7 18. Nxg5 Qxg5 19. Qxb4+ c5 20. Re1+ Kd6 21. Qb3 Ne5 22. Re4 Be6 23. f4 Rf8 24. Rxd4+ Kc7 25. Qc3 Nc4 26. Re4 Bd5 27. Kg1 Rxf4 28. Re2 Rf3 29. Qe1 Ne3 30. Rf2 Rxf2 31. Qxf2 Bxg2 32. Qf7+ Kb6 33. Qb3+ Kc6 34. Qe6+ Kc7 35. Qf7+ Kd6 36. Qf8+ Kc6 37. Qc8+ Kb6 38. Qe6+ Bc6+ 39. Kf2 Qg3+ 40. Ke2 Qf3+ 41. Kd2 Qf2+ 42. Kd3 c4+ 43. Kd4 Nd5+ 44. Kxc4 Qc5+ 0-1

[Event "Salongernas IM 5th"]
[Site "Stockholm"]
[Date "2005.06.13"]
[Round "3"]
[White "Eriksson, Jonas"]
[Black "Hedman, Erik"]
[Result "1/2-1/2"]
[WhiteElo "2308"]
[BlackElo "2340"]
[PlyCount "78"]
[EventDate "2005.06.11"]
[EventType "tourn"]
[EventRounds "9"]
[EventCountry "SWE"]
[EventCategory "4"]
[SourceTitle "CBM 106 Extra"]
[Source "ChessBase"]
[SourceDate "2005.07.01"]
[SourceVersion "1"]
[SourceVersionDate "2005.07.01"]
[SourceQuality "1"]

1. e4 c5 2. Nf3 e6 3. d4 cxd4 4. Nxd4 Nf6 5. Bd3 Nc6 6. Nb3 d5 7. exd5 Qxd5 8. 0-0 Be7 9. Nc3 Qd8 10. Qe2 0-0 11. Rd1 Qc7 12. Nb5 Qb8 13. Bg5 a6 14. N5d4 Ne5 15. Nf3 Nxf3+ 16. Qxf3 Nd5 17. Bxe7 Nxe7 18. Qh5 h6 19. Qc5 Re8 20. Be4 Nd5 21. Bxd5 exd5 22. Qxd5 Be6 23. Qf3 Bxb3 24. cxb3 Re7 25. g3 Qe5 26. Rd2 Rae8 27. Rad1 Qb5 28. Qd3 Qc6 29. Qd5 Qc8 30. Kg2 Re5 31. Qf3 Rf5 32. Rd8 Rxf3 33. Rxc8 Rxf2+ 34. Kxf2 Rxc8 35. Rd2 Kf8 36. b4 Ke7 37. a3 Rc7 38. Re2+ Kd6 39. Kf3 Kd7 1/2-1/2

[Event "SWE-chT 0405"]
[Site "Sweden"]
[Date "2005.??.??"]
[Round "10"]
[White "Eriksson, Magnus2222"]
[Black "Eriksson, Jonas"]
[Result "1/2-1/2"]
[WhiteElo "2425"]
[BlackElo "2390"]
[PlyCount "94"]
[EventDate "2004.11.05"]
[EventType "team"]
[EventRounds "11"]
[EventCountry "SWE"]
[SourceTitle "EXT 2006"]
[Source "ChessBase"]
[SourceDate "2005.11.24"]
[SourceVersion "1"]
[SourceVersionDate "2005.11.24"]
[SourceQuality "1"]
[WhiteTeam "Limhamn"]
[BlackTeam "Sollentuna"]
[WhiteTeamCountry "SWE"]
[BlackTeamCountry "SWE"]

1. d4 d5 2. c4 c6 3. cxd5 cxd5 4. Nc3 Nf6 5. Bf4 Nc6 6. e3 a6 7. h3 Bf5 8. Bd3 Bxd3 9. Qxd3 e6 10. Nf3 Bd6 11. Bxd6 Qxd6 12. 0-0 0-0 13. Rfc1 Rfc8 14. Na4 Nd7 15. Nc5 Nxc5 16. Rxc5 Rd8 17. Rac1 Rd7 18. Qc3 f6 19. b4 g5 20. a4 h5 21. Nd2 g4 22. b5 axb5 23. axb5 Ne7 24. hxg4 hxg4 25. Nf1 f5 26. Ng3 Kf7 27. Rc7 b6 28. Nh5 Rxc7 29. Qxc7 Qxc7 30. Rxc7 Ra5 31. Nf4 Rxb5 32. Rd7 Rb1+ 33. Kh2 Rc1 34. Rb7 Rc6 35. Nd3 Kf6 36. Ne5 Rd6 37. Kg3 b5 38. Rxb5 Ng6 39. Nd3 Kg5 40. Nc5 Rc6 41. f4+ gxf3 42. gxf3 f4+ 43. Kf2 fxe3+ 44. Kxe3 Nh4 45. Rb8 Nf5+ 46. Kd3 e5 47. Nb3 exd4 1/2-1/2

[Event "SWE-chT 0506"]
[Site "Sweden"]
[Date "2005.??.??"]
[Round "4"]
[White "Klashed, Martin"]
[Black "Eriksson, Jonas"]
[Result "1/2-1/2"]
[WhiteElo "2098"]
[BlackElo "2366"]
[PlyCount "139"]
[EventDate "2005.10.??"]
[EventType "team"]
[EventRounds "11"]
[EventCountry "SWE"]
[SourceTitle "EXT 2008"]
[Source "ChessBase"]
[SourceDate "2007.11.25"]
[SourceVersion "1"]
[SourceVersionDate "2007.11.25"]
[SourceQuality "1"]
[WhiteTeam "Linkoping"]
[BlackTeam "Sollentuna"]
[WhiteTeamCountry "SWE"]
[BlackTeamCountry "SWE"]

1. e4 c6 2. d4 d5 3. Nd2 dxe4 4. Nxe4 Nf6 5. Nxf6+ gxf6 6. Nf3 Bg4 7. Be2 e6 8. Bf4 Bd6 9. Qd2 Qc7 10. Bxd6 Qxd6 11. 0-0 Nd7 12. h3 h5 13. Rfd1 Nb6 14. c4 Qc7 15. Qa5 Bxf3 16. Bxf3 Qf4 17. Rac1 Rg8 18. Kh1 Rg5 19. Qd2 Qxd2 20. Rxd2 0-0-0 21. b3 h4 22. Rcd1 Kc7 23. Kg1 a5 24. Kf1 a4 25. Re2 f5 26. Red2 Rgg8 27. Ke2 axb3 28. axb3 f6 29. Ke3 Rge8 30. Kf4 Rd7 31. g3 hxg3 32. fxg3 Red8 33. h4 Nc8 34. Ke3 Rg7 35. Kf2 Rdg8 36. Rg1 e5 37. dxe5 fxe5 38. Bd1 Nd6 39. Bc2 f4 40. Re2 fxg3+ 41. Kg2 e4 42. Bxe4 Rg4 43. Bh7 R8g7 44. Kh3 Rf4 45. Bc2 Rgg4 46. Rxg3 Rxh4+ 47. Kg2 Rh5 48. Rd2 Rf6 49. Rh3 Rxh3 50. Kxh3 Kb6 51. Kg2 Kc5 52. Rf2 Rxf2+ 53. Kxf2 Kd4 54. Ke2 Kc3 55. Kd1 c5 56. Kc1 b6 57. Kb1 Nb7 58. Bd1 Na5 59. Ka2 Kd2 60. Bg4 Kc2 61. Ka3 Nxb3 62. Ka4 Nd4 63. Bh5 Kd3 64. Bf7 Ke4 65. Bg8 Ke5 66. Bf7 Kd6 67. Bg8 Kc7 68. Bf7 Nf5 69. Bg8 Nd6 70. Bd5 1/2-1/2

[Event "Spain"]
[Site "Spain"]
[Date "2004.12.19"]
[Round "9.2"]
[White "Eriksson, Jonas"]
[Black "Carlsson, Pontus"]
[Result "0-1"]
[WhiteElo "2292"]
[BlackElo "2360"]
[PlyCount "64"]
[EventDate "2004.12.13"]
[EventType "tourn"]
[EventRounds "9"]
[EventCountry "ESP"]
[EventCategory "5"]
[SourceTitle "EXT 2006"]
[Source "ChessBase"]
[SourceDate "2005.11.24"]
[SourceVersion "1"]
[SourceVersionDate "2005.11.24"]
[SourceQuality "1"]

1. d4 e6 2. Nf3 Nf6 3. c4 b6 4. e3 Bb7 5. a3 d5 6. Nc3 Nbd7 7. b3 Bd6 8. Bb2 0-0 9. cxd5 exd5 10. Nb5 Be7 11. Qc2 a6 12. Nc3 c5 13. Bd3 Rc8 14. dxc5 bxc5 15. 0-0 Re8 16. Ne2 g6 17. Qc3 Bf8 18. Nf4 Bg7 19. Rac1 Qb6 20. Qd2 Rcd8 21. Bc3 Qd6 22. Ba5 Rc8 23. Ne2 Ng4 24. Ng3 Bh6 25. Qb2 d4 26. exd4 Bxc1 27. Rxc1 cxd4 28. Bb4 Qf6 29. Bc4 Bxf3 30. gxf3 Nge5 31. Be2 d3 32. Bc3 dxe2 0-1

[Event "Hallstahammar op"]
[Site "Hallstahammar"]
[Date "2004.09.11"]
[Round "6"]
[White "Eriksson, Jonas"]
[Black "Lind, Jan Olov"]
[Result "1-0"]
[WhiteElo "2370"]
[BlackElo "2272"]
[PlyCount "99"]
[EventDate "2004.09.10"]
[EventType "swiss"]
[EventRounds "8"]
[EventCountry "SWE"]
[SourceTitle "EXT 2005"]
[Source "ChessBase"]
[SourceDate "2004.11.15"]
[SourceVersion "1"]
[SourceVersionDate "2004.11.15"]
[SourceQuality "1"]

1. d4 Nf6 2. c4 g6 3. Nc3 Bg7 4. e4 d6 5. Nge2 a6 6. Ng3 h5 7. Be2 h4 8. Nf1 Nc6 9. d5 Ne5 10. f4 h3 11. gxh3 Ned7 12. Bg4 b5 13. Ng3 Nc5 14. Be3 b4 15. Bxc5 bxc3 16. Bd4 cxb2 17. Bxb2 Rb8 18. Bd4 Rh4 19. f5 Rb4 20. Rc1 Kf8 21. Qd2 Ra4 22. Qb2 Kg8 23. Bd1 Ra5 24. Bg4 gxf5 25. Nxf5 Bxf5 26. Bxf5 e6 27. Rg1 Kf8 28. Qf2 Ne8 29. Bxe6 Rxe4+ 30. Kf1 Qe7 31. Bxg7+ Nxg7 32. Rxg7 Rxe6 33. dxe6 Kxg7 34. Qxf7+ Qxf7+ 35. exf7 Rxa2 36. Rb1 Rc2 37. Rb4 Kxf7 38. Ra4 Ke6 39. Rxa6 Rxc4 40. Kf2 c5 41. Kg3 Rb4 42. h4 Rb8 43. h5 Ke5 44. Kg4 Rg8+ 45. Kh4 c4 46. h6 d5 47. Kh5 c3 48. Rc6 d4 49. h7 Rd8 50. Kg6 1-0

[Event "Internet Section 07A g/8'+2\""]
[Site "Dos Hermanas"]
[Date "2004.03.07"]
[Round "4"]
[White "Eriksson, Jonas"]
[Black "Brodie, Stuart Mark"]
[Result "1-0"]
[WhiteElo "2296"]
[BlackElo "1961"]
[PlyCount "71"]
[EventDate "2004.03.07"]
[EventType "swiss (blitz)"]
[EventRounds "9"]
[EventCountry "ESP"]
[SourceTitle "CBM 099 Extra"]
[Source "ChessBase"]
[SourceDate "2004.05.04"]
[SourceVersion "1"]
[SourceVersionDate "2004.05.04"]
[SourceQuality "1"]

1. d4 d5 2. c4 e6 3. Nf3 Nf6 4. g3 Be7 5. Bg2 0-0 6. 0-0 dxc4 7. Ne5 Nc6 8. Nxc6 bxc6 9. Bxc6 Rb8 10. Nc3 Bb7 11. Bxb7 Rxb7 12. Qa4 Qxd4 13. Be3 Qg4 14. f3 Qf5 15. Qxc4 Bd6 16. b3 Qh3 17. Rf2 Rb4 18. Qc6 Nh5 19. f4 Nf6 20. Bxa7 Ng4 21. Rg2 g5 22. Qf3 Nh6 23. fxg5 Nf5 24. Ne4 f6 25. gxf6 Be5 26. Rd1 Bxf6 27. Bc5 Rbb8 28. Bxf8 Rxf8 29. Nxf6+ Rxf6 30. Rd8+ Kf7 31. Qc3 Qh6 32. Rf2 Qg5 33. Qxc7+ Kg6 34. Rg8+ Ng7 35. Qxg7+ Kh5 36. Qxg5# 1-0

[Event "Internet Section 06A g/8'+2\""]
[Site "Dos Hermanas"]
[Date "2004.03.06"]
[Round "7"]
[White "Eriksson, Jonas"]
[Black "Milman, Lev"]
[Result "0-1"]
[WhiteElo "2296"]
[BlackElo "2380"]
[PlyCount "50"]
[EventDate "2004.03.06"]
[EventType "swiss (blitz)"]
[EventRounds "9"]
[EventCountry "ESP"]
[SourceTitle "CBM 099 Extra"]
[Source "ChessBase"]
[SourceDate "2004.05.04"]
[SourceVersion "1"]
[SourceVersionDate "2004.05.04"]
[SourceQuality "1"]

1. d4 d5 2. c4 e6 3. Nf3 c6 4. Nc3 dxc4 5. a4 Bb4 6. e4 b5 7. Bd2 a5 8. axb5 Bxc3 9. Bxc3 cxb5 10. d5 Nf6 11. Qd4 0-0 12. g4 exd5 13. g5 Re8 14. 0-0-0 Rxe4 15. Qc5 Nbd7 16. Rxd5 Nxc5 17. Rxd8+ Re8 18. Rxc8 Raxc8 19. gxf6 b4 20. Be5 Nd3+ 21. Bxd3 cxd3+ 22. Kd2 Rc2+ 23. Kxd3 Rxf2 24. Rg1 Rxf3+ 25. Ke4 Rxf6 0-1

[Event "Internet Section 06A g/8'+2\""]
[Site "Dos Hermanas"]
[Date "2004.03.06"]
[Round "6"]
[White "Gonzalez Rodriguez, Jorge Armando"]
[Black "Eriksson, Jonas"]
[Result "1-0"]
[WhiteElo "2346"]
[BlackElo "2296"]
[PlyCount "67"]
[EventDate "2004.03.06"]
[EventType "swiss (blitz)"]
[EventRounds "9"]
[EventCountry "ESP"]
[SourceTitle "CBM 099 Extra"]
[Source "ChessBase"]
[SourceDate "2004.05.04"]
[SourceVersion "1"]
[SourceVersionDate "2004.05.04"]
[SourceQuality "1"]

1. b3 e5 2. Bb2 Nc6 3. e3 d5 4. Nf3 f6 5. d4 Bg4 6. Be2 e4 7. Ng1 Be6 8. c4 f5 9. h4 Be7 10. g3 Nf6 11. Nh3 Qd7 12. Nc3 Bb4 13. a3 Bxc3+ 14. Bxc3 a5 15. Nf4 Bf7 16. c5 Nd8 17. b4 axb4 18. axb4 Rxa1 19. Qxa1 0-0 20. b5 Ne6 21. Qa7 c6 22. h5 cxb5 23. h6 g5 24. Nxe6 Bxe6 25. Qa5 Qf7 26. Qxb5 Ra8 27. Qb6 Bd7 28. Qxb7 Ra2 29. c6 Be6 30. Bd1 f4 31. gxf4 g4 32. c7 Qd7 33. c8Q+ Ne8 34. Qxe8+ 1-0

[Event "Rilton Cup 33rd"]
[Site "Stockholm"]
[Date "2004.01.03"]
[Round "7"]
[White "Eriksson, Jonas"]
[Black "Leino, Jukka"]
[Result "1-0"]
[WhiteElo "2296"]
[BlackElo "2204"]
[PlyCount "33"]
[EventDate "2003.12.27"]
[EventType "swiss"]
[EventRounds "9"]
[EventCountry "SWE"]
[SourceTitle "CBM 097 Extra"]
[Source "ChessBase"]
[SourceDate "2004.01.13"]
[SourceVersion "1"]
[SourceVersionDate "2004.01.13"]
[SourceQuality "1"]

1. d4 Nf6 2. Nc3 d5 3. Bg5 Nbd7 4. e3 g6 5. Nf3 Bg7 6. Be2 0-0 7. h4 c5 8. h5 cxd4 9. exd4 Ne4 10. hxg6 fxg6 11. Nxe4 dxe4 12. Bc4+ Kh8 13. Nh4 Qb6 14. Bxe7 Ne5 15. Bc5 Qc6 16. dxe5 Bf5 17. Bxf8 1-0

[Event "Rilton Cup 33rd"]
[Site "Stockholm"]
[Date "2003.12.31"]
[Round "5"]
[White "Eriksson, Jonas"]
[Black "Loenngren, Tobias"]
[Result "1-0"]
[WhiteElo "2288"]
[BlackElo "2155"]
[PlyCount "52"]
[EventDate "2003.12.27"]
[EventType "swiss"]
[EventRounds "9"]
[EventCountry "SWE"]
[SourceTitle "CBM 097 Extra"]
[Source "ChessBase"]
[SourceDate "2004.01.13"]
[SourceVersion "1"]
[SourceVersionDate "2004.01.13"]
[SourceQuality "1"]

1. e4 c5 2. Nf3 e6 3. b3 d6 4. Bb2 Nf6 5. e5 dxe5 6. Nxe5 Be7 7. Bd3 Nbd7 8. 0-0 Nxe5 9. Bxe5 0-0 10. Nc3 Bd6 11. Re1 Bxe5 12. Rxe5 Qc7 13. f4 b6 14. Qe1 Bb7 15. Qh4 h6 16. Rae1 Rad8 17. R1e3 Qd6 18. Rg3 Qd4+ 19. Kf1 Kh8 20. Ne2 Qa1+ 21. Kf2 Rxd3 22. cxd3 Qd1 23. Reg5 Qa1 24. Rxg7 Ne4+ 25. dxe4 Qxg7 26. Rxg7 Kxg7 1-0

[Event "Salongernas IM-tournament"]
[Site "Stockholm"]
[Date "2003.06.13"]
[Round "7"]
[White "Eriksson, Jonas"]
[Black "Carlsen, Magnus"]
[Result "1/2-1/2"]
[WhiteElo "2288"]
[BlackElo "2356"]
[PlyCount "140"]
[EventDate "2003.06.07"]
[EventType "tourn"]
[EventRounds "8"]
[EventCountry "SWE"]
[SourceTitle "EXT 2023"]
[Source "ChessBase"]
[SourceDate "2022.10.05"]
[SourceVersion "1"]
[SourceVersionDate "2022.10.05"]
[SourceQuality "1"]

1. e4 c5 2. Nf3 Nc6 3. Bb5 g6 4. Bxc6 dxc6 5. d3 Bg7 6. h3 Nf6 7. Nc3 Nd7 8. 0-0 e5 9. Be3 Qe7 10. a3 Nf8 11. Na4 Ne6 12. b4 b6 13. bxc5 b5 14. Nb2 Nxc5 15. Qd2 Ne6 16. a4 a6 17. axb5 cxb5 18. c4 Bd7 19. cxb5 Bxb5 20. Nc4 0-0 21. Nb6 Rad8 22. Nd5 Qb7 23. Bh6 Bxh6 24. Qxh6 f6 25. Rfd1 Rxd5 26. exd5 Qxd5 27. Qe3 Rd8 28. Qb6 Kg7 29. Rac1 g5 30. Rd2 Rd7 31. Qb8 Bc6 32. Qb6 Bb7 33. Rb2 Kg6 34. Ne1 Nf4 35. Kh2 Nxd3 36. Rd1 e4 37. Nxd3 exd3 38. f3 Qe5+ 39. Kg1 d2 40. Rbxd2 Rxd2 41. Rxd2 Qe1+ 42. Kh2 Qxd2 43. Qxb7 Qd6+ 44. Kh1 a5 45. Qe4+ Kg7 46. Qb7+ Kh6 47. Qb3 Qd4 48. Qa3 Qb4 49. Qa1 Kg6 50. Qa2 a4 51. Qg8+ Kh6 52. Qd8 Qe1+ 53. Kh2 Qe6 54. Qf8+ Kg6 55. Qd8 Kg7 56. Qc7+ Kh6 57. Qd8 Kg7 58. Qc7+ Qf7 59. Qc5 Qe8 60. Qc7+ Kh6 61. f4 Kg6 62. Qc2+ f5 63. g4 Qe4 64. gxf5+ Kxf5 65. Qc5+ Kxf4 66. Qf2+ Ke5 67. Qc5+ Kf6 68. Qf8+ Kg6 69. Qg8+ Kh6 70. Qf8+ Kg6 1/2-1/2

[Event "Hallsberg op U18 38th"]
[Site "Hallsberg"]
[Date "2003.01.04"]
[Round "8"]
[White "Gajewski, Grzegorz"]
[Black "Eriksson, Jonas"]
[Result "1-0"]
[WhiteElo "2436"]
[BlackElo "2278"]
[PlyCount "141"]
[EventDate "2002.12.28"]
[EventType "swiss"]
[EventRounds "9"]
[EventCountry "SWE"]
[SourceTitle "CBM 091 Extra"]
[Source "ChessBase"]
[SourceDate "2003.01.09"]
[SourceVersion "1"]
[SourceVersionDate "2003.01.09"]
[SourceQuality "1"]

1. e4 d6 2. f4 g6 3. Nf3 Bg7 4. Bc4 c6 5. Bb3 d5 6. e5 Nh6 7. d4 Bg4 8. c3 Nf5 9. Nbd2 e6 10. h3 Bxf3 11. Nxf3 Ng3 12. Rg1 h5 13. Be3 h4 14. Bc2 Qb6 15. b3 Bf8 16. Bf2 Be7 17. Bxg3 hxg3 18. b4 a5 19. a3 Nd7 20. Kd2 Qd8 21. Qe1 Bh4 22. Rf1 Nb6 23. Bd3 axb4 24. axb4 Rxa1 25. Qxa1 g5 26. fxg5 Bxg5+ 27. Nxg5 Qxg5+ 28. Kc2 0-0 29. Qc1 Qxc1+ 30. Kxc1 f5 31. exf6 Kf7 32. Be2 Rh8 33. Bg4 Nd7 34. Re1 Nf8 35. Re3 Kxf6 36. Rxg3 Ke7 37. Be2 Rh7 38. Bd3 Rf7 39. Rf3 Rg7 40. g4 Nd7 41. Kd2 e5 42. Bf5 e4 43. Rg3 Nb6 44. Ke3 Nc4+ 45. Kf4 Nd6 46. h4 Nxf5 47. Kxf5 Rf7+ 48. Kg5 Rf3 49. Rg2 Kf7 50. Kh6 e3 51. Kg5 Kg7 52. Re2 Kh7 53. h5 Kg7 54. Re1 Kh7 55. Kh4 Kg7 56. g5 Rf4+ 57. Kg3 Re4 58. Kf3 Rh4 59. Rxe3 Rxh5 60. Kg4 Rh1 61. Re7+ Kf8 62. Rxb7 Rc1 63. Rc7 Rxc3 64. b5 Rc4 65. b6 Rxd4+ 66. Kf5 Rb4 67. b7 d4 68. Rc8+ Ke7 69. b8Q Rxb8 70. Rxb8 c5 71. Ke4 1-0

[Event "SWE-chT 0304"]
[Site "Sweden"]
[Date "2003.??.??"]
[Round "5"]
[White "Eriksson, Jonas"]
[Black "Wieweg, Johnny"]
[Result "1-0"]
[WhiteElo "2377"]
[BlackElo "2187"]
[PlyCount "79"]
[EventDate "2003.10.??"]
[EventType "team"]
[EventRounds "11"]
[EventCountry "SWE"]
[SourceTitle "EXT 2005"]
[Source "ChessBase"]
[SourceDate "2004.11.15"]
[SourceVersion "1"]
[SourceVersionDate "2004.11.15"]
[SourceQuality "1"]
[WhiteTeam "Sollentuna"]
[BlackTeam "Farsta"]
[WhiteTeamCountry "SWE"]
[BlackTeamCountry "SWE"]

1. d4 Nf6 2. c4 g6 3. Nc3 Bg7 4. e4 d6 5. Nge2 0-0 6. Ng3 e5 7. d5 Nbd7 8. Be2 a5 9. h4 h5 10. Bg5 Re8 11. f3 Nf8 12. Qd2 Bd7 13. Nf1 Qc8 14. Bh6 Kh7 15. Bxg7 Kxg7 16. Ne3 Qb8 17. g4 Qa7 18. 0-0-0 Qc5 19. Rdg1 N8h7 20. Bd3 Rh8 21. Kb1 a4 22. a3 Ra6 23. g5 Ne8 24. Nc2 c6 25. f4 Nc7 26. Rf1 b5 27. cxb5 Nxb5 28. Nxb5 cxb5 29. Rh2 Ra7 30. f5 Rb8 31. Rhf2 Be8 32. fxg6 fxg6 33. Nb4 Qc8 34. Rf3 Qg4 35. Qf2 Rbb7 36. Nc6 Ra8 37. Rf8 Rc7 38. Nd4 Nxf8 39. Qxf8+ Kh7 40. Qh6+ 1-0

[Event "Hallsberg op U18 38th"]
[Site "Hallsberg"]
[Date "2002.12.31"]
[Round "4"]
[White "Grecescu, Gabriel Andrei"]
[Black "Eriksson, Jonas"]
[Result "0-1"]
[WhiteElo "2187"]
[BlackElo "2278"]
[PlyCount "106"]
[EventDate "2002.12.28"]
[EventType "swiss"]
[EventRounds "9"]
[EventCountry "SWE"]
[SourceTitle "CBM 091 Extra"]
[Source "ChessBase"]
[SourceDate "2003.01.09"]
[SourceVersion "1"]
[SourceVersionDate "2003.01.09"]
[SourceQuality "1"]

1. e4 Nf6 2. e5 Nd5 3. d4 d6 4. c4 Nb6 5. exd6 exd6 6. Nc3 Be7 7. Be3 Nc6 8. b3 0-0 9. Nf3 Bg4 10. Be2 d5 11. c5 Nc8 12. h3 Bf5 13. 0-0 Bf6 14. a3 a5 15. b4 axb4 16. axb4 Rxa1 17. Qxa1 Nxb4 18. Qb2 Nc2 19. Qxb7 Nxe3 20. fxe3 Ne7 21. Nb5 c6 22. Nd6 Be4 23. Ra1 Qb8 24. Ra7 Qxb7 25. Rxb7 Nf5 26. Nxf5 Bxf5 27. Rc7 Rc8 28. Rxc8+ Bxc8 29. Ne1 Kf8 30. Nc2 Bh4 31. Nb4 Bd7 32. Ba6 Be1 33. Nd3 Bg3 34. Kf1 Ke7 35. Ke2 h5 36. Bb7 Kd8 37. Kf3 h4 38. Nb4 Kc7 39. Ba6 f5 40. Ke2 g5 41. Nd3 Kb8 42. Ne5 Bxe5 43. dxe5 Kc7 44. Kd2 Kd8 45. Kc3 Ke7 46. Kd4 g4 47. Bf1 Be6 48. hxg4 fxg4 49. e4 dxe4 50. Kxe4 h3 51. gxh3 gxh3 52. Kf3 h2 53. Kg2 Bh3+ 0-1

[Event "Hallsberg op U18 38th"]
[Site "Hallsberg"]
[Date "2002.12.28"]
[Round "1"]
[White "Eriksson, Jonas"]
[Black "Olsson, Linus"]
[Result "1/2-1/2"]
[WhiteElo "2278"]
[BlackElo "2291"]
[PlyCount "27"]
[EventDate "2002.12.28"]
[EventType "swiss"]
[EventRounds "9"]
[EventCountry "SWE"]
[SourceTitle "CBM 091 Extra"]
[Source "ChessBase"]
[SourceDate "2003.01.09"]
[SourceVersion "1"]
[SourceVersionDate "2003.01.09"]
[SourceQuality "1"]

1. Nf3 Nf6 2. c4 c5 3. Nc3 d5 4. cxd5 Nxd5 5. d4 Nxc3 6. bxc3 g6 7. e4 Bg7 8. Be3 0-0 9. Qd2 Qa5 10. Rc1 Rd8 11. d5 e6 12. c4 Qxd2+ 13. Nxd2 b6 14. Be2 1/2-1/2